[Event "41st Nezhmetdinov Memorial 2019"]
[Site "Kazan"]
[Date "2019.06.06"]
[Round "7.5"]
[White "Belyakov, Bogdan"]
[Black "Rozum, Ivan"]
[Result "1/2-1/2"]
[WhiteElo "2483"]
[BlackElo "2568"]
[Annotator "TA"]
[PlyCount "125"]
[EventDate "2019.05.31"]
[EventType "swiss"]
[EventCountry "RUS"]
[SourceTitle "playchess.com"]
[Source "ChessBase"]
[SourceQuality "1"]

{[%evp 16,125,0,0,0,0,0,0,0,0,0,-23,-27,-35,-25,-54,-48,-56,-48,-51,-43,-44,-36,-41,0,0,0,0,0,0,0,0,0,0,0,0,0,0,0,-42,-42,-46,-46,-46,-46,-46,-32,-35,-35,-31,-35,-35,-20,-24,0,0,0,0,38,38,43,50,50,50,70,45,100,26,84,91,81,15,15,0,3,4,8,4,5,0,0,0,0,0,0,0,0,0,0,0,8,0,0,0,0,0,0,0,4,4,4,4,8,8,8,8,8,8,8,8,8,8]} 1. e4 c5 2. c3 Nf6 3. e5 Nd5 4. Nf3 Nc6 5. d4 cxd4 6. cxd4 d6 7. Bc4 dxe5 8. Nxe5 e6 9. O-O Be7 {B22: Sicilian: 2 c3} 10. Qg4 (10. Nf3 O-O 11. Nc3 Nxc3 12. bxc3 b6 13. Re1 Bb7 14. Bd3 Rc8 15. Bd2 Bf6 16. h4 Na5 17. Ng5 Bxg5 18. hxg5 Nc4 19. Bf4 {½-½ (83) Pourramezanali,A (2535)-Kokarev,D (2608) St Petersburg 2018}) 10... O-O 11. Rd1 Qc7 12. Nxc6 $146 ({Predecessor:} 12. Bh6 Bf6 13. Nxc6 Qxc6 14. Nd2 Qb6 15. Nf3 Ne7 16. Bg5 Bxg5 17. Qxg5 {½-½ (28) Hausdorf,H (2307)-Rallabandi,P (2304) ICCF email 2017}) 12... Qxc6 13. Bxd5 (13. Bh6 {looks sharper.} Bf6 14. Nd2 Qb6 15. Nf3 Rd8 16. Ne5) 13... exd5 14. Qg3 Qg6 15. b3 Qxg3 16. hxg3 Rd8 17. Ba3 Bf6 18. Nc3 Bf5 19. Nb5 a6 20. Nd6 Be7 21. Nxf5 Bxa3 22. Kf1 Rac8 23. Ne3 h5 24. Ke2 g6 25. Kd3 f5 26. Rd2 Bc1 27. Rd1 Bxe3 28. Kxe3 $15 {[%mdl 4096] Endgame KRR-KRR} Rc2 {aiming for ...Re8+.} 29. Rd2 $1 {[%cal Rd2c2]} Rdc8 30. Rad1 Kf7 31. Rxc2 Rxc2 {KR-KR} 32. Rd2 Rc1 33. Re2 Kf6 34. Kd3 Kg5 35. Re7 Rd1+ 36. Ke2 $1 {[%cal Re2d1]} Rxd4 {White must now prevent ...Re4+.} 37. Rxb7 Re4+ 38. Kd3 Re1 39. Rb6 Rg1 40. Ke2 $1 a5 {[#]} (40... Rb1 $14) 41. Ra6 (41. Rb5 $1 $16) 41... Rb1 (41... f4 $1 $11 {keeps the balance.}) 42. Rxa5 $16 Rb2+ {[#]} 43. Kf3 ({White should try} 43. Ke3 $1 $16) 43... d4 $11 {The position is equal.} 44. Rd5 Rxa2 45. Rxd4 Rb2 46. Rb4 Rb1 47. Rb6 Re1 48. Rb8 Re4 49. Rb6 Re1 50. Rc6 Rb1 51. Rc3 Kf6 52. Ke3 g5 53. f4 Rb2 54. Rc6+ Kg7 55. fxg5 Rxb3+ 56. Kf4 Rb4+ 57. Kxf5 {Hoping for Rc7+.} Rb5+ 58. Kf4 Rb4+ 59. Kf3 Rb3+ 60. Kf2 Rb2+ 61. Kg1 Rb5 62. g6 Rg5 63. Kh2 {Accuracy: White = 79%, Black = 76%.} 1/2-1/2

[Event "41st Nezhmetdinov Memorial 2019"]
[Site "Kazan"]
[Date "2019.06.06"]
[Round "7.6"]
[White "Yudin, Sergei"]
[Black "Pridorozhni, Aleksei"]
[Result "0-1"]
[WhiteElo "2507"]
[BlackElo "2588"]
[Annotator "RC"]
[PlyCount "92"]
[EventDate "2019.05.31"]
[EventType "swiss"]
[EventCountry "RUS"]
[SourceTitle "playchess.com"]
[Source "ChessBase"]
[SourceQuality "1"]
[TimeControl "5400+30"]

1. e4 {[%emt 0:00:00]} c5 {[%emt 0:00:00]} 2. Nf3 {[%emt 0:00:00]} d6 {[%emt 0:00:00]} 3. Bb5+ {[%emt 0:00:11]} Nc6 {[%emt 0:00:05]} 4. O-O {[%emt 0:01:22]} Bd7 {[%emt 0:00:10]} 5. Re1 {[%emt 0:01:32]} a6 {[%emt 0:00:16]} 6. Bc4 {[%emt 0:02:05]} Nf6 {[%emt 0:01:06]} 7. c3 {[%emt 0:00:46]} Bg4 {[%emt 0:00:27]} 8. d4 {[%emt 0:00:16]} Bxf3 {[%emt 0:01:10]} 9. gxf3 {[%emt 0:00:27]} e6 {[%emt 0:03:27]} 10. d5 {[%emt 0:13:00]} Ne5 {[%emt 0:01:11]} 11. Bf1 {[%emt 0:08:16]} g5 {[%emt 0:10:49]} 12. dxe6 {[%emt 0:12:24]} fxe6 {[%emt 0:00:12]} 13. Bxg5 {[%emt 0:13:36]} Rg8 {[%emt 0:00:24]} 14. f4 {[%emt 0:00:21]} h6 {[%emt 0:01:21]} 15. fxe5 {[%emt 0:01:20]} Rxg5+ {[%emt 0:01:42]} 16. Bg2 {[%emt 0:03:12]} dxe5 {[%emt 0:00:53]} 17. Nd2 {[%emt 0:02:19]} Qc7 {[%emt 0:17:42]} 18. Nc4 {[%emt 0:11:45]} Qg7 {[%emt 0:11:14]} 19. Ne3 {[%emt 0:04:50]} Ng4 {[%emt 0:04:23]} 20. Qe2 {[%emt 0:01:01]} Nxe3 {[%emt 0:02:11]} 21. fxe3 {[%emt 0:00:22]} O-O-O {[%emt 0:00:11]} 22. Rad1 {[%emt 0:00:30]} Bd6 {[%emt 0:00:18]} 23. Kh1 {[%emt 0:00:18]} Rg8 {[%emt 0:00:25]} 24. Bf3 {[%emt 0:00:44]} Kb8 {[%emt 0:02:19]} 25. Qf2 {[%emt 0:02:53]} Qf8 {[%emt 0:14:06]} 26. c4 {[%emt 0:02:11]} Be7 {[%emt 0:01:15]} 27. Rg1 {[%emt 0:01:39]} R8g7 {[%emt 0:01:08]} 28. Rxg5 {[%emt 0:00:40]} Bxg5 {[%emt 0:00:07]} 29. Qe2 {[%emt 0:01:23]} Rf7 {[%emt 0:01:48]} 30. Rf1 {[%emt 0:01:43]} h5 {[%emt 0:01:12]} 31. Kg2 {[%emt 0:02:59]} h4 {[%emt 0:00:30]} 32. h3 {[%emt 0:01:50]} Qh6 {[%emt 0:05:48]} 33. Re1 {[%emt 0:00:22]} Rd7 {[%emt 0:00:16]} 34. Kh1 {[%emt 0:01:06]} Ka7 {[%emt 0:02:37]} 35. a3 {[%emt 0:01:06]} Bd8 {[%emt 0:00:13]} 36. Qf2 {[%emt 0:02:43]} Rd3 {[%emt 0:01:35]} 37. Rd1 {[%emt 0:04:18]} Rxd1+ {[%emt 0:00:07]} 38. Bxd1 {[%emt 0:00:05]} Bg5 {[%emt 0:00:03]} 39. Qe2 {[%emt 0:03:21]} Bxe3 {[%emt 0:00:11]} 40. b3 {[%emt 0:00:10]} Bd4 {[%emt 0:01:52]} 41. a4 {[%emt 0:00:23]} Qg5 {[%emt 0:00:32]} 42. Qg2 {[%emt 0:00:43]} Qe3 {[%emt 0:00:09]} 43. Kh2 {[%emt 0:00:41]} Kb6 {[%emt 0:01:10]} 44. Bc2 {[%emt 0:00:32]} Ka5 {[%emt 0:00:11]} 45. Bd1 {[%emt 0:00:09]} Kb4 {[%emt 0:00:22]} 46. Bc2 {[%emt 0:00:29]} Qe1 {[%emt 0:00:22]} 0-1

[Event "41st Nezhmetdinov Memorial 2019"]
[Site "Kazan"]
[Date "2019.06.06"]
[Round "7.7"]
[White "Tsydypov, Zhamsaran"]
[Black "Bryakin, Mikhail"]
[Result "1/2-1/2"]
[WhiteElo "2546"]
[BlackElo "2432"]
[Annotator "TA"]
[PlyCount "65"]
[EventDate "2019.05.31"]
[EventType "swiss"]
[EventCountry "RUS"]
[SourceTitle "playchess.com"]
[Source "ChessBase"]
[SourceQuality "1"]

{[%evp 9,65,-17,-15,-19,-24,-26,-32,-22,-22,-35,-58,-45,-35,-32,-28,-32,-27,-29,-7,-11,-11,-11,-10,-25,-19,-37,-29,-29,-24,-30,-8,-50,-38,-113,-90,-116,-70,-95,-58,-88,-72,-104,-83,-93,-83,-86,-80,-92,-98,-103,-59,-124,0,-112,0,-128,0,-99]} 1. Nf3 Nf6 2. c4 b6 3. Nc3 Bb7 4. Qc2 (4. d4 e6 5. a3 d5 6. Bg5 Be7 7. e3 O-O 8. Rc1 Nbd7 9. cxd5 exd5 10. Be2 c5 11. O-O Rc8 12. dxc5 bxc5 13. Qb3 Qb6 14. Qxb6 Nxb6 15. Rfd1 Rfd8 16. h3 Kf8 {½-½ (16) Kuzubov,Y (2644)-Iturrizaga Bonelli,E (2639) Dubai 2019}) 4... c5 5. e3 e6 6. b3 {A15: English Opening: 1...Nf6} Be7 7. Bb2 O-O 8. Be2 {Black is slightly better.} Nc6 9. d4 $146 ({Predecessor:} 9. O-O Rc8 10. Rfd1 d5 11. d4 cxd4 12. Nxd4 {½-½ (38) Farid,F (2371)-Wang,C (2492) Tagaytay City 2018}) 9... cxd4 10. exd4 d5 11. Rd1 Rc8 12. O-O Na5 {[%cal Rd5c4]} 13. Ne5 Ba6 {[%cal Rd5c4]} 14. cxd5 Bxe2 15. Qxe2 {[#] Strongly threatening dxe6.} Nxd5 16. Ne4 Qc7 17. f4 Nc6 18. f5 exf5 19. Rxf5 Nxe5 20. Rxe5 (20. dxe5 $5 {[%cal Rd1d5]} Bc5+ 21. Nxc5 Qxc5+ 22. Rf2 $11) 20... Qd7 21. Rf1 (21. Nc3 $15 Nxc3 22. Bxc3) 21... f6 $17 22. Ref5 Rfe8 23. Qf3 {[#] aiming for Rxd5!} Rcd8 {And now ...g6 would win.} 24. Qd3 Qe6 {Hoping for ...Bb4.} 25. R5f3 Bb4 26. Ng3 Bd6 27. Nf5 Bf8 28. Ng3 g6 29. R3f2 Bd6 30. Rf3 ({White should play} 30. Re2 $15 Qf7 31. Rxe8+ Rxe8 32. Ne4) 30... Bf8 31. R3f2 $1 Bd6 32. Rf3 $1 Bf8 33. R3f2 $1 {Accuracy: White = 59%, Black = 57%.} 1/2-1/2

[Event "41st Nezhmetdinov Memorial 2019"]
[Site "Kazan"]
[Date "2019.06.06"]
[Round "7.8"]
[White "Svetushkin, Dmitry"]
[Black "Tokarev, Ilya"]
[Result "1-0"]
[WhiteElo "2536"]
[BlackElo "2318"]
[Annotator "TA"]
[PlyCount "71"]
[EventDate "2019.05.31"]
[EventType "swiss"]
[EventCountry "RUS"]
[SourceTitle "playchess.com"]
[Source "ChessBase"]
[SourceQuality "1"]

{[%evp 15,71,-4,0,0,0,0,0,0,0,0,0,-18,-17,0,0,0,-12,-15,-15,-29,-14,-14,-20,-13,-14,-47,0,0,14,0,10,0,9,12,41,0,15,0,42,21,113,106,110,118,175,183,180,169,445,517,454,292,252,165,136,119,105,109]} 1. e4 e6 2. d4 d5 3. Nc3 Bb4 4. e5 c5 5. a3 Bxc3+ 6. bxc3 Ne7 7. a4 Qc7 8. Nf3 h6 9. Bd3 {C19: French: 3 Nc3 Bb4: Main line: 7 Nf3 and 7 a4} (9. Qd2 O-O 10. Bd3 b6 11. a5 Ba6 12. O-O Bxd3 13. cxd3 Nd7 14. h4 Nc6 15. axb6 axb6 16. Rb1 Ra4 {0-1 (71) Giri,A (2782)-So,W (2778) Leuven 2018}) 9... b6 10. O-O Ba6 11. Bb5+ {The position is equal.} Bxb5 12. axb5 cxd4 13. cxd4 $146 ({Predecessor:} 13. Qxd4 O-O 14. Ba3 Rc8 15. Bb4 Qb7 16. Qd3 Ng6 {½-½ (42) Wurschner,M (2423)-Houska,J (2501) ICCF email 2010}) 13... Qc4 $1 14. Rb1 a6 15. bxa6 Rxa6 16. Be3 O-O 17. Qd2 Nd7 18. Rb4 Qc7 19. Rb3 Rc8 20. Ne1 Nf8 21. g4 Rca8 22. f4 {[#]} h5 $1 {[%mdl 512]} 23. h3 (23. gxh5 Ra4) 23... hxg4 24. hxg4 Ra2 25. Qb4 Nc6 26. Qc3 Qb7 27. f5 exf5 (27... R8a4 $11) 28. gxf5 $16 Na5 {[#]} 29. Rb1 $1 Nc4 (29... Nc6 $16 {keeps fighting.}) 30. Bc1 $18 Na3 {[#]} 31. Rb2 $1 {[%cal Rb2a2]} Rc8 $2 (31... Rxb2 32. Bxb2 Nc4) 32. Qh3 Rxb2 33. Bxb2 Nxc2 34. Rf2 Nxe1 35. Rh2 {[%csl Gh2][%cal Rh3h8]} Nf3+ 36. Qxf3 {Accuracy: White = 62%, Black = 43%.} 1-0

[Event "41st Nezhmetdinov Memorial 2019"]
[Site "Kazan"]
[Date "2019.06.06"]
[Round "7.9"]
[White "Kazakovskiy, Valeriy"]
[Black "Khanin, Semen"]
[Result "1/2-1/2"]
[WhiteElo "2457"]
[BlackElo "2529"]
[Annotator "RC"]
[PlyCount "85"]
[EventDate "2019.05.31"]
[EventType "swiss"]
[EventCountry "RUS"]
[SourceTitle "playchess.com"]
[Source "ChessBase"]
[SourceQuality "1"]
[TimeControl "5400+30"]

1. Nf3 {[%emt 0:00:00]} Nf6 {[%emt 0:04:20]} 2. c4 {[%emt 0:00:00]} g6 {[%emt 0:00:14]} 3. Nc3 {[%emt 0:00:00]} d5 {[%emt 0:00:04]} 4. Qa4+ {[%emt 0:00:10]} Bd7 {[%emt 0:03:09]} 5. Qb3 {[%emt 0:00:08]} dxc4 {[%emt 0:00:44]} 6. Qxc4 {[%emt 0:00:10]} a6 {[%emt 0:00:30]} 7. d4 {[%emt 0:00:24]} b5 {[%emt 0:00:32]} 8. Qb3 {[%emt 0:00:20]} Bg7 {[%emt 0:01:32]} 9. e4 {[%emt 0:00:34]} c5 {[%emt 0:08:37]} 10. dxc5 {[%emt 0:00:19]} Bc6 {[%emt 0:03:26]} 11. e5 {[%emt 0:18:29]} Nd5 {[%emt 0:05:26]} 12. Be2 {[%emt 0:11:25]} Nd7 {[%emt 0:13:57]} 13. Nxd5 {[%emt 0:13:36]} Nxc5 {[%emt 0:00:23]} 14. Qa3 {[%emt 0:05:13]} Qxd5 {[%emt 0:00:26]} 15. O-O {[%emt 0:00:17]} Ne6 {[%emt 0:09:36]} 16. Rd1 {[%emt 0:04:26]} Qc5 {[%emt 0:05:57]} 17. Qxc5 {[%emt 0:04:04]} Nxc5 {[%emt 0:00:05]} 18. Be3 {[%emt 0:00:13]} Ne6 {[%emt 0:00:45]} 19. Rac1 {[%emt 0:02:30]} Rc8 {[%emt 0:01:07]} 20. Nd4 {[%emt 0:03:13]} Nxd4 {[%emt 0:00:15]} 21. Bxd4 {[%emt 0:00:10]} O-O {[%emt 0:00:43]} 22. f4 {[%emt 0:00:53]} Rfd8 {[%emt 0:02:00]} 23. Bb6 {[%emt 0:02:36]} Rxd1+ {[%emt 0:01:08]} 24. Bxd1 {[%emt 0:00:46]} Bb7 {[%emt 0:04:04]} 25. Rxc8+ {[%emt 0:00:23]} Bxc8 {[%emt 0:00:05]} 26. Kf2 {[%emt 0:00:26]} g5 {[%emt 0:07:45]} 27. g3 {[%emt 0:00:46]} gxf4 {[%emt 0:00:11]} 28. gxf4 {[%emt 0:00:08]} f6 {[%emt 0:02:39]} 29. Bb3+ {[%emt 0:02:39]} e6 {[%emt 0:00:16]} 30. Bd4 {[%emt 0:01:58]} Kf7 {[%emt 0:05:46]} 31. Bc2 {[%emt 0:00:51]} f5 {[%emt 0:00:51]} 32. Bc5 {[%emt 0:02:07]} Bb7 {[%emt 0:00:35]} 33. Bd1 {[%emt 0:00:22]} Kg6 {[%emt 0:00:24]} 34. Kg3 {[%emt 0:03:31]} Bh6 {[%emt 0:00:16]} 35. a4 {[%emt 0:03:14]} Bc6 {[%emt 0:00:13]} 36. axb5 {[%emt 0:01:25]} axb5 {[%emt 0:00:06]} 37. Be2 {[%emt 0:00:07]} Bd7 {[%emt 0:05:41]} 38. Bf3 {[%emt 0:00:38]} Be8 {[%emt 0:00:05]} 39. Bb7 {[%emt 0:01:04]} Bd7 {[%emt 0:00:03]} 40. Bd6 {[%emt 0:03:55]} Kh5 {[%emt 0:01:14]} 41. Be7 {[%emt 0:01:56]} Kg6 {[%emt 0:00:09]} 42. Bb4 {[%emt 0:03:50]} Kh5 {[%emt 0:00:13]} 43. Bc5 {[%emt 0:01:02]} 1/2-1/2

[Event "41st Nezhmetdinov Memorial 2019"]
[Site "Kazan"]
[Date "2019.06.06"]
[Round "7.10"]
[White "Iljiushenok, Ilia"]
[Black "Makhmutov, Rail"]
[Result "1/2-1/2"]
[WhiteElo "2549"]
[BlackElo "2411"]
[Annotator "TA"]
[PlyCount "65"]
[EventDate "2019.05.31"]
[EventType "swiss"]
[EventCountry "RUS"]
[SourceTitle "playchess.com"]
[Source "ChessBase"]
[SourceQuality "1"]

{[%evp 14,65,17,2,37,27,43,33,36,12,68,52,96,0,0,0,12,7,2,0,0,0,10,0,0,0,73,83,118,37,60,26,29,8,29,0,0,0,0,0,0,0,0,0,0,0,0,0,0,0,0,0,0,0]} 1. c4 c5 2. Nc3 g6 3. g3 Bg7 4. Bg2 Nc6 5. a3 e6 6. Rb1 Nge7 7. b4 cxb4 8. axb4 d5 {A36: Symmetrical English vs ...g6: 4 Bg2 Bg7} (8... O-O 9. Nf3 d5 10. cxd5 exd5 11. b5 Na5 12. Ba3 d4 13. Ne4 Nc4 14. Bb4 Re8 15. Qb3 Be6 16. Nfg5 {0-1 (30) Lie,K (2537)-So,W (2822) chess.com INT 2017}) 9. b5 Ne5 10. cxd5 exd5 {White is slightly better.} 11. Ba3 d4 (11... O-O $11) 12. Ne4 $14 {And now Nd6+ would win.} O-O 13. d3 ({Better is} 13. Nd6 $1 $16) 13... a6 $146 ({Predecessor:} 13... Be6 14. Qa4 Bd5 15. Nf3 Nxf3+ 16. Bxf3 {0-1 (34) Lahr,M (2006)-Mussler,T (2118) Bad Vilbel 2010}) 14. b6 Nd5 15. Bxf8 Bxf8 16. Nf3 Nxf3+ 17. Bxf3 Bb4+ 18. Kf1 a5 19. h4 h6 {[#]} (19... Ra6 $11) 20. Qc1 $1 $16 {[%cal Rc1h6]} Kg7 {[#]} 21. Kg2 (21. Rxb4 $1 $16 Nxb4 22. Qc5) 21... Qxb6 22. h5 {Strongly threatening hxg6.} g5 $1 {[%cal Rg5g4]} 23. Nxg5 $1 Nc3 24. Rb3 (24. Qf4 $5 {[%cal Rf4f7]} Qf6 25. Qxf6+ Kxf6 26. Ne4+ Kg7 27. Rbc1 $16) 24... hxg5 {The position is equal.} 25. Qxg5+ Kh7 26. Rxc3 $1 dxc3 27. Be4+ {[#]} f5 $1 {[%cal Rf5e4]} 28. Bxf5+ Bxf5 29. Qxf5+ Kh8 {aiming for ...Rf8.} 30. Qe5+ Kh7 31. Qf5+ Kh8 {Threatens to win with ...Rf8.} 32. Qe5+ Kh7 33. Qf5+ {Accuracy: White = 65%, Black = 62%.} 1/2-1/2

[Event "41st Nezhmetdinov Memorial 2019"]
[Site "Kazan"]
[Date "2019.06.07"]
[Round "8.1"]
[White "Kokarev, Dmitry"]
[Black "Faizrakhmanov, Ramil"]
[Result "1-0"]
[WhiteElo "2605"]
[BlackElo "2421"]
[Annotator "TA"]
[PlyCount "85"]
[EventDate "2019.05.31"]
[EventType "swiss"]
[EventCountry "RUS"]
[SourceTitle "playchess.com"]
[Source "ChessBase"]
[SourceQuality "1"]

{[%evp 9,85,11,11,0,-2,-30,35,30,28,42,32,18,26,18,41,47,55,52,44,46,55,45,52,54,81,61,73,73,68,16,16,14,17,17,28,12,23,7,31,0,0,0,0,-5,-2,0,16,27,33,29,41,0,15,15,23,16,30,31,35,25,35,46,82,45,97,111,93,72,139,137,843,808,796,688,833,732,695,689]} 1. g3 Nf6 2. Bg2 d5 3. Nf3 c6 4. c4 dxc4 5. O-O Nbd7 6. Na3 {A11: English Opening: 1...c6} Nb6 7. Ne5 g6 ({Better is} 7... Be6 $11) 8. Naxc4 $14 {White is slightly better.} Nxc4 9. Nxc4 Bg7 10. Qc2 O-O 11. Rd1 Be6 12. d4 Qc8 13. b3 $146 ({Predecessor:} 13. e4) 13... Bh3 14. Bh1 Rd8 15. Bb2 h5 16. e4 h4 17. Re1 Qc7 18. Rad1 Rac8 19. a4 (19. Qe2 $14) 19... b5 $11 20. Ne5 bxa4 21. bxa4 Nd7 {[%cal Rd7e5]} 22. Nf3 hxg3 23. hxg3 Bg4 24. Rd2 Qb6 25. Bc3 Rb8 26. Nh2 Be6 27. d5 Bxc3 28. Qxc3 cxd5 29. exd5 Rbc8 30. Qb2 (30. Qa1 {is more complex.} Bf5 31. Rxe7 Qd6 32. Rde2 Qf6 33. Re1) 30... Qxb2 (30... Bf5 {with more complications.} 31. Rxe7 Qxb2 32. Rxb2 Rc1+ 33. Nf1 Kf8) 31. Rxb2 Bh3 32. Rb7 Nf6 33. Rxa7 Nxd5 34. Nf3 Bf5 35. a5 Nb4 36. Nh4 e6 (36... Bd7 $14) 37. Nxf5 gxf5 38. a6 Rd2 (38... Kg7 $142) 39. Ra1 $16 Nd3 $2 {[%mdl 8192]} (39... Rd6 $16 40. Bf3 Kg7) 40. Rd7 $18 {White is clearly winning.} e5 41. a7 {[#] Bd5 is the strong threat.} Kg7 42. a8=Q Rxa8 43. Bxa8 {Accuracy: White = 70%, Black = 40%.} 1-0

[Event "41st Nezhmetdinov Memorial 2019"]
[Site "Kazan"]
[Date "2019.06.07"]
[Round "8.2"]
[White "Yeletsky, Ivan"]
[Black "Sarana, Alexey"]
[Result "0-1"]
[WhiteElo "2438"]
[BlackElo "2636"]
[Annotator "TA"]
[PlyCount "80"]
[EventDate "2019.05.31"]
[EventType "swiss"]
[EventCountry "RUS"]
[SourceTitle "playchess.com"]
[Source "ChessBase"]
[SourceQuality "1"]

{[%evp 12,80,22,22,38,11,20,12,41,39,41,36,34,41,40,42,70,27,13,18,38,32,106,93,114,108,110,84,96,99,155,164,129,-9,-15,-26,16,-60,-53,-116,-37,-80,-75,-146,-152,-185,-192,-210,-196,-230,-237,-249,-253,-247,-226,-216,-199,-204,-197,-466,-458,-438,-418,-789,-742,-1011,-957,-1219,-1189,-1110,-1070]} 1. e4 c5 2. Nf3 d6 3. d4 cxd4 4. Nxd4 Nf6 5. Nc3 a6 6. h3 e6 7. g4 Nfd7 {B81: Sicilian Scheveningen: Keres Attack} (7... h6 8. Bg2 Be7 9. Be3 Nc6 10. f4 Nd7 11. O-O Nxd4 12. Qxd4 O-O 13. Qd2 Rb8 14. Ne2 b5 15. Rad1 Bb7 16. e5 Bxg2 17. Kxg2 {0-1 (59) Ponomariov,R (2682)-Wang,H (2795) Hengshui 2019}) 8. Bg2 Be7 9. Be3 Nc6 {The position is equal.} 10. h4 Nde5 11. g5 Nc4 12. Bc1 O-O 13. b3 {And now Nxc6 would win.} Qa5 14. Nde2 Na3 15. O-O b5 16. f4 $146 ({Predecessor:} 16. Bd2) 16... b4 (16... Bd7 $14) 17. Na4 $1 $16 Nb5 18. f5 Rd8 19. Be3 {Black must now prevent Bb6.} Rb8 20. Nf4 Bf8 (20... Ne5 $142) 21. g6 fxg6 22. Nxe6 (22. Rc1 $16) 22... Bxe6 $11 23. fxe6 Nc7 24. Bh3 (24. c3 $11 bxc3 25. Rc1) 24... Be7 $15 25. Rf7 (25. Qe2 $15) 25... Re8 (25... Qe5 $17 {Strongly threatening ...Qg3+.} 26. Bf4 Qxe4) 26. Bf4 {[#]} Rbd8 $1 27. Nb2 (27. Qf1 $142) 27... Ne5 $17 (27... Bxh4 $2 28. Nc4 $18) 28. Nc4 Nxc4 29. bxc4 {With the idea Qd4.} Bf6 30. Rd7 Nxe6 (30... Bxa1 $2 31. Qxa1 Qc5+ 32. Kh1 $16) 31. Bxe6+ Rxe6 32. Rxd8+ Bxd8 ({Less strong is} 32... Qxd8 33. Qd5 $17) 33. Bxd6 Bf6 ({And not} 33... Bxh4 34. e5 $11) ({Weaker is} 33... Rxe4 34. c5 $11) 34. Rb1 Rxe4 35. Rxb4 $2 (35. Qd5+ {was called for.} Qxd5 36. cxd5) 35... Bd4+ $19 36. Kg2 {[#] Hoping for Rb8+.} h5 $1 {...Rg4+ is the strong threat.} 37. Qf3 (37. Rb3 $142 Rxh4 38. c5) 37... Rg4+ {Black is clearly winning.} 38. Kf1 Kh7 39. a4 Bc5 40. Bxc5 Qxc5 {Accuracy: White = 43%, Black = 60%.} 0-1

[Event "41st Nezhmetdinov Memorial 2019"]
[Site "Kazan"]
[Date "2019.06.07"]
[Round "8.3"]
[White "Puranik, Abhimanyu"]
[Black "Timofeev, Artyom"]
[Result "1/2-1/2"]
[WhiteElo "2548"]
[BlackElo "2602"]
[Annotator "TA"]
[PlyCount "138"]
[EventDate "2019.05.31"]
[EventType "swiss"]
[EventCountry "RUS"]
[SourceTitle "playchess.com"]
[Source "ChessBase"]
[SourceQuality "1"]

{[%evp 10,138,23,20,23,0,16,22,16,14,25,20,21,12,14,19,27,17,37,18,10,17,14,0,0,5,61,50,38,45,56,58,62,58,56,43,50,41,68,89,150,95,86,119,106,70,58,45,48,0,0,-5,0,0,0,0,0,0,0,0,0,0,0,0,0,-32,-32,-32,-6,-6,0,0,0,0,0,0,0,0,26,22,33,26,33,33,74,74,78,33,74,74,74,74,74,74,74,0,33,0,74,74,74,74,135,0,0,0,0,0,0,0,0,0,0,0,0,0,0,0,0,0,0,0,0,0,0,0,0,0,0,0,0]} 1. e4 c5 2. Nc3 Nc6 3. Bb5 Nd4 4. Nf3 e6 5. O-O a6 6. Bd3 Nc6 {B30: Sicilian: 2...Nc6 3 Bb5, lines without ...g6} 7. a3 d5 $146 ({Predecessor:} 7... b5 8. Re1 Bb7 9. Bf1 Nf6 10. d4 cxd4 11. Nxd4 Nxd4 12. Qxd4 Qc7 13. e5 Nd5 14. Nxd5 Bxd5 {½-½ (65) Guseinov,G (2664)-Saric,I (2690) chess.com INT 2019}) 8. exd5 exd5 9. Re1+ Be7 $1 10. Bf1 Nf6 11. d4 cxd4 12. Nxd4 O-O 13. Bg5 h6 14. Bh4 Nxd4 15. Qxd4 {[#] Black must now prevent Rxe7!} Be6 $1 16. Bd3 Rc8 17. b4 a5 (17... Qd7 $11) 18. Na4 axb4 19. axb4 g5 20. Bg3 Nd7 {With the idea ...Bf6.} 21. Rab1 Bf6 22. Qe3 Re8 23. Qd2 Nf8 24. Nc5 Qb6 (24... Re7 $142) 25. h4 (25. f4 $142) 25... Bg4 $16 26. hxg5 hxg5 27. f3 Bd7 28. Bf2 Qc7 29. c3 Ne6 30. Be3 b6 31. Nxe6 Rxe6 32. Bd4 Bxd4+ 33. cxd4 Qf4 34. Qxf4 gxf4 35. Rec1 Rxc1+ 36. Rxc1 $11 {[%mdl 4096] Endgame KRB-KRB} Re3 37. Rd1 Ba4 38. Rd2 Bb3 39. Kf2 Bc4 40. Bxc4 dxc4 {KR-KR} 41. b5 Rb3 {[#] Hoping for ...c3.} (41... Kg7 {looks sharper.} 42. Rc2 c3 43. g3 Rd3 44. Ke2 Rxd4 45. g4 Rd5) 42. Rc2 $1 Rb4 43. Ke2 Kf8 44. Kd2 Rxb5 45. Kc3 Ke7 46. Kxc4 {White wants to mate with Re2+.} Rg5 47. Rb2 Rg6 48. d5 Kd7 49. Kd4 Kc7 50. Ke4 Rg5 51. Rc2+ ({Of course not} 51. Kxf4 Rxd5 52. g4 b5 $11) 51... Kd7 52. Rb2 ({But not} 52. Kxf4 Rxd5 53. g4 Kd6 $11) 52... Kc7 53. Rc2+ Kd7 54. Rc6 (54. Kxf4 Rxd5 55. g4 Kd6 $11) 54... Rxg2 55. Rxb6 Rd2 (55... Rg5 $142) 56. Ke5 ({Reject} 56. Kxf4 $6 Rxd5 57. Rf6 Ke7 $11) (56. Rf6 $16) 56... Rd3 $1 {The position is equal.} 57. Rb7+ Kc8 $1 {[%cal Rc8b7]} 58. Rxf7 Rxf3 59. Ke6 Re3+ 60. Kd6 f3 61. Rf8+ (61. Kc5 {feels hotter.} Kd8 62. Kd4 Ra3 63. Ke4 Ra4+ 64. Ke5) 61... Kb7 62. Kd7 Kb6 63. d6 Kc5 64. Kc7 Ra3 $1 65. Rf5+ Kd4 66. d7 Ra7+ 67. Kc6 Rxd7 68. Kxd7 Ke3 69. Rxf3+ Kxf3 {Accuracy: White = 57%, Black = 56%.} 1/2-1/2